Вып. 15: Исследование процессов саморазогревания и самовозгорания торфа и других органических веществ: материалы Первой научно-технической конференции, ноябрь 1954 г., Москва; Труды Всесоюзного научно-исследовательского института торфяной промышленности

書目詳細資料
Parent link:Труды Всесоюзного научно-исследовательского института торфяной промышленности/ Всесоюзный научно-исследовательский институт торфяной промышленности. Вып. 15: Исследование процессов саморазогревания и самовозгорания торфа и других органических веществ.— , 1956-1981
企業作者: Исследование процессов саморазогревания и самовозгорания торфа и других органических веществ конференция
語言:俄语
出版: 1957
主題:
格式: MixedMaterials 圖書
KOHA link:https://koha.lib.tpu.ru/cgi-bin/koha/opac-detail.pl?biblionumber=206220

MARC

LEADER 00000nam2a2200000 4500
001 206220
005 20231031190710.0
035 |a (RuTPU)RU\TPU\book\224790 
090 |a 206220 
100 |a 20111228d1957 k y0rusy50 ca 
101 0 |a rus 
102 |a RU 
105 |a a z 101zy 
200 0 |a Вып. 15: Исследование процессов саморазогревания и самовозгорания торфа и других органических веществ  |e материалы Первой научно-технической конференции, ноябрь 1954 г., Москва 
210 |d 1957 
215 |a 190 с.  |c ил. 
320 |a Библиография в конце статей 
461 1 |0 (RuTPU)RU\TPU\book\224773  |t Труды Всесоюзного научно-исследовательского института торфяной промышленности  |f Всесоюзный научно-исследовательский институт торфяной промышленности  |v Вып. 15: Исследование процессов саморазогревания и самовозгорания торфа и других органических веществ  |d 1956-1981 
610 1 |a торфяная промышленность 
610 1 |a фрезерный торф 
610 1 |a хранение 
610 1 |a саморазогревание 
610 1 |a самовозгорание 
610 1 |a химический состав 
610 1 |a изменение 
610 1 |a окислительные процессы 
610 1 |a термогенные процессы 
610 1 |a микроорганизмы 
610 1 |a роль 
610 1 |a микробиологические исследования 
610 1 |a перекись водорода 
610 1 |a действие 
610 1 |a уголь 
610 1 |a натуральное топливо 
610 1 |a окисление 
610 1 |a твердое топливо 
610 1 |a химические процессы 
610 1 |a конференции 
675 |a 622.331(063)  |v 3 
712 0 2 |a Исследование процессов саморазогревания и самовозгорания торфа и других органических веществ  |b конференция  |d 1  |e Москва  |f 1954 
801 1 |a RU  |b 63413507  |c 20111228 
801 2 |a RU  |b 63413507  |c 20120111  |g RCR 
942 |c BK